000
00217nam a22000857a 4500
008
160716b xxu||||| |||| 00| 0 eng d
100
_9
2942
_a
Wolfgang Hieber
245
_a
Lernziel Deutsch
260
_a
Max Huber Volag
_c
2004
999
_c
2507
_d
2507